[Event "La Felguera Social Casino la Fel"]
[Site "La Felguera"]
[Date "2019.06.02"]
[Round "3"]
[White "Palacios Agueria, Luis"]
[Black "Redondo Carreira, Miguel Angel"]
[Result "0-1"]
[WhiteElo "1320"]
[BlackElo "1799"]
[PlyCount "62"]
[EventDate "2019.05.19"]
[EventType "tourn"]
[EventRounds "7"]
[EventCountry "ESP"]
[SourceTitle "EXT 2024"]
[Source "ChessBase"]
[SourceDate "2023.10.10"]
[SourceVersion "1"]
[SourceVersionDate "2023.10.10"]
[SourceQuality "1"]

1. e4 c6 2. Nf3 d5 3. Nc3 Bg4 4. Be2 Nf6 5. d3 e6 6. Bg5 Be7 7. e5 Nfd7 8. Bxe7 Qxe7 9. d4 a6 10. 0-0 c5 11. b3 Bxf3 12. Bxf3 cxd4 13. Qxd4 Nc6 14. Qg4 Ncxe5 15. Qxg7 Nxf3+ 16. gxf3 Qf6 17. Qxf6 Nxf6 18. Kh1 Rc8 19. Ne2 Rxc2 20. Nd4 Rd2 21. Rac1 Kd7 22. Nc2 Rc8 23. Nb4 Rxc1 24. Rxc1 Rxf2 25. Nd3 Rxa2 26. Ne5+ Ke7 27. Rc7+ Kd6 28. Rxb7 Kxe5 29. Rxf7 Rf2 30. Ra7 Rxf3 31. Rxa6 Rxb3 0-1

[Event "La Felguera Social Casino la Fel"]
[Site "La Felguera"]
[Date "2019.05.26"]
[Round "2"]
[White "Perez Agusti, Fernando"]
[Black "Palacios Agueria, Luis"]
[Result "0-1"]
[WhiteElo "1571"]
[BlackElo "1320"]
[PlyCount "98"]
[EventDate "2019.05.19"]
[EventType "tourn"]
[EventRounds "7"]
[EventCountry "ESP"]
[SourceTitle "EXT 2024"]
[Source "ChessBase"]
[SourceDate "2023.10.10"]
[SourceVersion "1"]
[SourceVersionDate "2023.10.10"]
[SourceQuality "1"]

1. d4 g6 2. e4 Bg7 3. c4 d6 4. Nc3 Nf6 5. Be2 b6 6. Bf3 e5 7. dxe5 dxe5 8. Qxd8+ Kxd8 9. Bg5 Nbd7 10. Rd1 h6 11. Bxf6+ Bxf6 12. Nd5 Bg7 13. Ne2 c6 14. Nb4 Bb7 15. Bg4 Bc8 16. Nxc6+ Kc7 17. Nb4 Nc5 18. Nd5+ Kb7 19. Bxc8+ Raxc8 20. Nec3 Ne6 21. Nb5 Rhd8 22. 0-0 Rxc4 23. Ndc3 Bf8 24. Rxd8 Nxd8 25. Rd1 Ne6 26. Rd7+ Nc7 27. Kf1 a6 28. b3 Rc5 29. Nxc7 Rxc7 30. Rxc7+ Kxc7 31. Nd5+ Kc6 32. Ke2 Bc5 33. f4 Bd4 34. Kd3 b5 35. g4 Kd6 36. h4 Bf2 37. h5 Bh4 38. fxe5+ Kxe5 39. Nc7 Be7 40. hxg6 fxg6 41. Ke3 h5 42. gxh5 gxh5 43. Nxa6 Bd6 44. b4 h4 45. Kf3 Kf6 46. a3 h3 47. Nc5 h2 48. Kg2 Kg5 49. Nd3 Kf6 0-1

[Event "La Felguera Social Casino la Fel"]
[Site "La Felguera"]
[Date "2019.05.19"]
[Round "1"]
[White "Palacios Agueria, Luis"]
[Black "Martin Taboada, Tomas"]
[Result "0-1"]
[WhiteElo "1320"]
[BlackElo "1620"]
[PlyCount "102"]
[EventDate "2019.05.19"]
[EventType "tourn"]
[EventRounds "7"]
[EventCountry "ESP"]
[SourceTitle "EXT 2024"]
[Source "ChessBase"]
[SourceDate "2023.10.10"]
[SourceVersion "1"]
[SourceVersionDate "2023.10.10"]
[SourceQuality "1"]

1. c4 e5 2. Nc3 Nf6 3. e4 Bb4 4. Nge2 0-0 5. a3 Bxc3 6. Nxc3 d6 7. d3 Nc6 8. Be3 Nd4 9. Bxd4 exd4 10. Na2 c5 11. Be2 Qa5+ 12. b4 Qxa3 13. 0-0 cxb4 14. Qb1 b3 15. Nc1 Qb4 16. Nxb3 Qc3 17. Rc1 Qb4 18. Nxd4 Qd2 19. Rc2 Qg5 20. Nb5 Bh3 21. Qf1 Ng4 22. Bxg4 Qxg4 23. Nxd6 Rfd8 24. e5 f6 25. f3 Qd4+ 26. Kh1 Qxe5 27. Nxb7 Rd7 28. Na5 Bf5 29. Rd2 Bxd3 30. Qe1 Qc3 31. Qc1 Qxc1+ 32. Rxc1 Rc8 33. h3 Bf5 34. Rxd7 Bxd7 35. c5 Kf7 36. Nb7 Rc7 37. Nd6+ Ke6 38. Ne4 a5 39. Rc3 a4 40. Kg1 Kd5 41. Kf2 Bf5 42. Rd3+ Kc4 43. Re3 Bxe4 44. Rxe4+ Kb5 45. Re2 a3 46. Ra2 Ra7 47. Ke3 Kb4 48. Kd2 Kb3 49. Rc2 a2 50. Rc3+ Kb4 51. c6 a1Q 0-1